Cálculo vectorial: problemas resueltos

Shranjeno v:
Bibliografske podrobnosti
Main Authors: Pao, Karen (autora), Soon, Frederick (Author)
Format: Knjiga
Jezik:španščina
Izdano: Wilmington Addison-Wesley Iberoamericana 1993
Izdaja:3a. ed
Teme:
Oznake: Označite
Brez oznak, prvi označite!

MARC

LEADER 00000nam a2200000 a 4500
001 UCT5346
003 CL-VaPUC
008 961206e19930000US |||||||||||||||||spa|d
082 0 4 |a 515.63  |b PAO  |2 21 
100 |a Pao, Karen  |e autora  |9 374785 
700 0 |a Soon, Frederick  |e author  |9 374786 
245 1 0 |a Cálculo vectorial: problemas resueltos 
250 |a 3a. ed 
300 |a 222 p 
942 |c BK 
945 |d 19961206 00:00:00  |a nastorga 
260 |a Wilmington  |b Addison-Wesley Iberoamericana  |c 1993 
650 0 |a Cálculo  |9 260234 
650 0 |a Análisis vectorial   |9 260451 
650 0 |a Ejercicios   |9 269807 
650 7 |a PROBLEMAS  |2 CL-VaPUC  |9 269806 
650 7 |a GUIA DE ESTUDIO  |2 CL-VaPUC  |9 374787 
583 |a last modification  |c 19961206 00:00:00  |k Rodrigo Vera 
999 |c 254295  |d 254293 
952 |0 0  |1 0  |2 ddc  |4 0  |6 515_630000000000000_PAO_1993  |7 0  |8 A  |9 275865  |a BIBING  |b BIBING  |c RES  |d 2019-11-19  |i 3258130  |o 515.63 PAO 1993  |p 3258130  |r 2025-01-20  |w 2019-11-19  |y BK  |k CCL 
952 |0 0  |1 0  |2 ddc  |4 0  |6 515_630000000000000_PAO_1993  |7 0  |8 A  |9 275866  |a BIBING  |b BIBING  |c RES  |d 2019-11-19  |i 3258149  |o 515.63 PAO 1993  |p 3258149  |r 2025-01-20  |w 2019-11-19  |y BK  |k CCL